000 01098njm a2200325 c 4500
003 BLK
005 20180421002419.0
008 180410b bul||n||s|||||||| n|bulo|
010 _aCDD00002418000
040 _aBLK
041 _aENG
_cENG
080 _aАнглийски език
_b811.111
_x(075.4.086.7)
_z811.111(075.4.086.7)
080 _aАнглийска литература
_b821.111
_x-3
_z821.111-3
100 1 _aWells, Herbert George
_eпърви автор
_9257802
139 _aWells, Herbert George
_bW 50
245 1 0 _aThe Island of Doctor Moreau [CD аудио]
_bCD 1-2
_cHerbert George Wells.
_nCD 2
257 _aGBR
260 Harlow
_bPearson Education
_c2007
300 _c12 cm
380 _a80
490 1 _aPenguin Readers
_vLevel 3
590 _aS.N: 74125 от КНИГИ
650 4 _aАнглийски език - учебни помагала
_9243996
760 1 _aWells, Herbert George
_d2007
_tCD 2
852 _aЦб CD 1225
_p0
856 4 _qpdf
_u
856 4 _qpdf
_u
942 _cCDD
_n0
944 _aCR
_c18.04.2007
_kТеодора_Стоянова
944 _aED
_c03.11.2010
_k
999 _c219976
_d219976